| 000 | 00597nam a2200217Ia 4500 | ||
|---|---|---|---|
| 005 | 20250923150255.0 | ||
| 008 | 008 250917s9999 xx 000 0 eng d | ||
| 037 | _aTextual | ||
| 040 |
_aDSWL _beng _cDSWL |
||
| 041 |
_aeng _2eng |
||
| 084 |
_aY150bX:g, N93 _qDSWL |
||
| 100 |
_aMies, Maria _9844176 |
||
| 245 | 0 |
_aEco-feminism _cby Maria Mies |
|
| 260 |
_aJaipur _bRawat Publications _c2010 |
||
| 300 | _a328 p. | ||
| 365 |
_aINR _b795 . 0 |
||
| 650 |
_a Vandana SHIVA _9844177 |
||
| 925 | _g795 . 0 | ||
| 942 |
_cTEXL _hY150bX:g, N93 |
||
| 999 |
_c1461562 _d1461562 |
||